Analysis Of Pollution Problems And Its Impacts On The Surrounding (Record no. 364054)

MARC details
000 -LEADER
fixed length control field 00365nam a2200121Ia 4500
008 - FIXED-LENGTH DATA ELEMENTS--GENERAL INFORMATION
fixed length control field 250110s9999 xx 000 0 und d
041 ## - LANGUAGE CODE
Language code of text/sound track or separate title eng
100 ## - MAIN ENTRY--PERSONAL NAME
Personal name Mudholkar Parikshit
9 (RLIN) 183183
245 ## - TITLE STATEMENT
Title Analysis Of Pollution Problems And Its Impacts On The Surrounding
260 ## - PUBLICATION, DISTRIBUTION, ETC. (IMPRINT)
Name of publisher, distributor, etc. BNCA M Arch EA, Pune
Date of publication, distribution, etc. 2017
300 ## - PHYSICAL DESCRIPTION
Extent 155p
700 ## - ADDED ENTRY--PERSONAL NAME
Personal name Guide Name:B y Pawar
9 (RLIN) 210732
Holdings
Withdrawn status Lost status Damaged status Not for loan Home library Current library Date acquired Total Checkouts Barcode Date last seen Bill Date Koha item type Original Barcode
        Dr. Bhanuben Nanavati College of Architecture Dr. Bhanuben Nanavati College of Architecture 09/06/2017   BNCA-PR-1554 10/01/2025 10/01/2025 Project Reports PR1554